000 00555nam a2200181Ia 4500
008 090201s9999 xx 000 0 und d
010 _aKPL-67629
040 _bमराठी
041 _aमराठी
082 _a45096
_b67629
100 _aचि वि जोशी
245 _aसोने आणि माती
_cचि वि जोशी
250 _a2
260 _c2005
_bकॉन्टीनेंटल प्रकाशन
300 _a128
_bमोठा
600 _aसोने आणि माती
942 _cBOOK
999 _c242053
_d242053